[Event "Chinese-ch Women 2020"]
[Site "Xinghua"]
[Date "2020.12.25"]
[Round "7.5"]
[White "Gu, Xiaobing"]
[Black "Song, Yuxin"]
[Result "0-1"]
[WhiteElo "2263"]
[BlackElo "2290"]
[Annotator "TA"]
[PlyCount "114"]
[EventDate "2020.12.19"]
[EventType "tourn"]
[EventCountry "CHN"]
[SourceTitle "playchess.com"]
[Source "ChessBase"]
[SourceQuality "1"]

{[%evp 9,114,0,0,-4,0,0,0,0,0,-4,-4,-10,-13,-21,-25,-47,-17,-88,-83,-83,-15,-47,-31,-111,-62,-58,-59,-87,-102,-92,-93,-94,-94,-90,-83,-127,-117,-127,-97,-129,-95,-252,-228,-255,-206,-218,-213,-487,-493,-531,-314,-307,-288,-313,-297,-494,-462,-546,-191,-200,-197,-189,-189,-193,-196,-342,-339,-318,-333,-324,-319,-325,-323,-318,-295,-368,-372,-370,-375,-710,-698,-680,-679,-607,-350,-351,-298,-537,-443,-506,-341,-356,-334,-527,-522,-584,-587,-585,-583,-550,-541,-544,-519,-1018,-1010,-957,-950]} 1. e4 c5 2. Nc3 Nc6 3. Bb5 Nd4 4. Bc4 a6 5. a4 e6 6. Nf3 {B23: Closed Sicilian: Lines without g3.} Nf6 $1 {6...Nf6 is better than 6...Ne7.} 7. Ba2 {[#]} d6 $146 ({Predecessor:} 7... d5 8. exd5 exd5 9. Nxd4 cxd4 10. Ne2 d3 11. cxd3 Bd6 12. h3 O-O 13. d4 Re8 {1-0 (55) Kalegin,E (2462)-Bukavshin,I (2408) Nabereznye Chelny 2010}) 8. d3 {The position is equal.} Nc6 9. O-O Be7 10. Qe2 O-O 11. Bg5 Bd7 12. Rfd1 Qb6 13. Rab1 (13. Bb3 $11) 13... Nd4 $17 14. Qd2 Qb4 (14... Bc6 $17) 15. a5 Nc6 16. Qf4 ({Better is} 16. Ra1 $15) 16... Nh5 17. Qh4 Bxg5 18. Nxg5 Nf6 19. f4 h6 (19... Nxa5 20. e5 $11) 20. Nf3 Nd4 (20... Nxa5 21. g4 $11) 21. Nxd4 cxd4 22. Ne2 Qxa5 23. Bb3 e5 24. f5 Bc6 25. g4 $2 {This costs White the game.} (25. Ng3 $17 {was necessary.}) 25... d5 $19 26. Ng3 Qd8 {[%cal Rd5e4]} 27. Re1 dxe4 28. dxe4 (28. Nxe4 {was the only defense.} Nxe4 29. Qxd8 Rfxd8 30. dxe4) 28... d3 29. g5 Qd4+ 30. Kg2 hxg5 31. Qxg5 d2 ({Weaker is} 31... Nxe4 32. Rxe4 Bxe4+ 33. Kh3 $15) 32. Rf1 (32. Rg1) 32... Bxe4+ 33. Kh3 Bf3 $2 34. Rxf3 {[#] Strongly threatening Rd1.} d1=Q 35. Rxd1 Qxd1 36. Rd3 Qe1 37. Nh5 (37. Rd6 $142 Nh7 38. Qh5) 37... Qf1+ 38. Kh4 {[%csl Gh5][%cal Rg5g7]} Nxh5 39. Qxh5 Qf4+ 40. Kh3 Qh6 41. Qxh6 gxh6 {[%mdl 4096] Endgame KRR-KRB} 42. Rd6 Kg7 43. f6+ Kg6 44. Bd5 $2 (44. Rb6) 44... Rad8 45. Be4+ Kg5 46. Rb6 Rd2 {White must now prevent ...Kf4.} 47. Kg3 Rg8 48. h4+ (48. Bh7 $142 Rgd8 49. h4+ Kh5 50. Rxb7) 48... Kh5+ 49. Kh3 {intending Bf3+.} Rf2 {( -> ...Rf4!)} 50. Bd5 Rf8 ({Not} 50... Rxc2 $2 51. Bf3+ (51. Bxf7+ Rg6 $11) 51... Rg4 52. Bxg4+ Kg6 53. Bf3 $18) 51. Bxb7 (51. Rxb7 {keeps fighting.} Rxf6 52. Re7) 51... Rf4 {Hoping for ...Rg8.Black is clearly winning.} 52. Bxa6 {and the idea Be2+ leaves White hopeful.} Rxh4+ 53. Kg3 Rg8+ 54. Kf3 Rf4+ 55. Ke3 Rg3+ 56. Kd2 (56. Ke2 $142 Kg5 57. Bb7) 56... Rf2+ 57. Be2+ Kg5 {Weighted Error Value: White=0.50/Black=0.31} 0-1

[Event "Chinese-ch Women 2020"]
[Site "Xinghua"]
[Date "2020.12.25"]
[Round "7.6"]
[White "Tan, Zhongyi"]
[Black "Xiao, Yiyi"]
[Result "1-0"]
[WhiteElo "2510"]
[BlackElo "2301"]
[Annotator "TA"]
[PlyCount "91"]
[EventDate "2020.12.19"]
[EventType "tourn"]
[EventCountry "CHN"]
[SourceTitle "playchess.com"]
[Source "ChessBase"]
[SourceQuality "1"]

{[%evp 12,91,36,18,32,26,27,14,18,13,52,56,62,59,56,53,58,37,37,29,33,0,60,0,27,25,54,39,40,31,58,0,15,7,36,0,84,27,68,59,73,78,78,68,116,123,165,164,258,244,228,226,238,219,373,343,347,362,302,269,270,279,435,396,523,532,765,776,758,740,840,769,1182,1061,1366,1301,1303,1230,1199,1177,1926,1786]} 1. e4 d5 2. exd5 Qxd5 3. Nc3 Qa5 4. d4 Nf6 5. Bc4 Bf5 6. Bd2 c6 7. Nge2 {7.Nd5 is becoming the main line.} e6 {[#] B01: Scandinavian Defence.} 8. Ne4 $1 Qd8 (8... Qc7 9. Nxf6+) 9. N4g3 Bg6 {[#] The position is equal.} 10. h4 $146 ({Predecessor:} 10. c3 Nbd7 11. Nf4 Nd5 12. Nxg6 hxg6 13. Qf3 Qf6 14. Be2 Be7 15. Qxf6 gxf6 16. Ne4 {½-½ (51) Ristic,N (2480)-Savic,M (2493) Budva 2003}) 10... b5 11. Bb3 Be4 12. Nxe4 Nxe4 13. Be3 Nd7 14. Qd3 Nef6 15. a4 a6 16. h5 Bd6 (16... h6 $11) 17. c3 (17. h6 $14) 17... Nd5 18. Bd2 N7f6 19. Bc2 h6 20. Kf1 Qc7 21. Re1 (21. axb5 $14 cxb5 22. Qf3) 21... Rb8 22. axb5 cxb5 23. Rh4 Kd7 (23... a5 $11 {remains equal.}) 24. Ra1 (24. Qf3 $16) 24... Rb6 25. Bb3 Rc8 26. Qf3 {Hoping for Bxd5. Black is now going downhill.} Qb7 27. Nc1 Kc7 28. Nd3 Kb8 29. Nc5 {[%mdl 64] Deflection} Bxc5 (29... Qc6 {is a better defense.} 30. Bxd5 exd5) 30. dxc5 $18 Rxc5 31. Qg3+ {[%mdl 64] Double Attack} e5 32. Qxg7 Qe7 $2 (32... Ne7 {was called for.}) 33. Re1 Nd7 {[#]} 34. Rd4 {[%mdl 512]} N5f6 35. Rd3 (35. Bxf7 Rc8 $16) (35. Bxh6 Nxh5 36. Qh8+ Rc8 $16) (35. Qxh6 Ne4 $18) 35... e4 36. Rh3 ({Less strong is} 36. Bxh6 Nxh5 37. Qg8+ Rc8 $16) (36. Qxh6 Rxh5 37. Qf4+ Kb7 $11) (36. Bxf7 Ne5 $15) 36... Rf5 (36... Rxh5 $142 37. Qh8+ (37. Bxh6 Rxh3 38. gxh3 Kb7 $16) (37. Qxf7 Qxf7 38. Bxf7 Rxh3 $16) (37. Bxf7 Rxh3 38. gxh3 h5 $16) 37... Qf8 38. Qxf8+ Nxf8 39. Rxh5 (39. Bxf7 Rxh3 40. gxh3 h5 $16) 39... Nxh5 40. Bxf7 Nf6 41. Bxh6 Ne6) 37. Be3 Rc6 38. g4 {White is clearly winning.} Rd5 39. Bxd5 Nxd5 40. Bxh6 Re6 41. Qd4 Re5 42. Be3 N7f6 43. h6 Nh7 44. Rh5 Rxh5 45. gxh5 Qe6 46. Qh8+ {Weighted Error Value: White=0.14/Black=0.38} 1-0

[Event "Chinese-ch Women 2020"]
[Site "Xinghua"]
[Date "2020.12.27"]
[Round "8.1"]
[White "Guo, Qi"]
[Black "Xiao, Yiyi"]
[Result "1-0"]
[WhiteElo "2418"]
[BlackElo "2301"]
[Annotator "TA"]
[PlyCount "107"]
[EventDate "2020.12.19"]
[EventType "tourn"]
[EventCountry "CHN"]
[SourceTitle "playchess.com"]
[Source "ChessBase"]
[SourceQuality "1"]

{[%evp 19,107,24,17,8,58,30,60,62,54,38,110,94,109,98,92,102,111,104,133,147,147,141,154,137,170,165,179,168,165,163,177,142,147,135,130,120,203,147,152,150,145,129,129,100,124,51,42,24,35,12,45,45,45,45,45,45,46,47,51,23,54,44,89,46,315,313,327,344,347,335,581,579,718,701,762,758,672,676,10531,9639,5680,29961,29966,29970,29970,29972,29970,29973,29973,29974]} 1. d4 {Atalik,S} Nf6 2. c4 g6 3. Nc3 d5 4. cxd5 Nxd5 5. e4 Nxc3 6. bxc3 c5 7. Nf3 Bg7 8. Be3 Qa5 9. Qd2 O-O 10. Rc1 Rd8 11. h4 {D85: Exchange Grünfeld: Unusual White 7th moves and lines with 7 Nf3.} Nc6 12. d5 e6 13. h5 {White is slightly better.} exd5 14. hxg6 $1 hxg6 (14... dxe4 $2 15. gxh7+ Kh8 16. Bh6 $1 $16) ({Black should try} 14... fxg6 $14 15. exd5 Ne5) 15. Bh6 $1 $16 {[%cal Rh6g7] aiming for Bxg7.} (15. exd5 Bg4 $11) 15... Bh8 16. Bg5 Bg7 {...Re8 is the strong threat.} (16... dxe4 17. Rxh8+ $1 {[%mdl 512]} Kxh8 18. Bf6+ Kh7 19. Qg5 $18) 17. Bxd8 Qxd8 18. exd5 Ne7 19. c4 Nf5 20. Bd3 Nd6 21. Qf4 {[#]} Qe7+ $146 ({Predecessor:} 21... b5 22. cxb5 c4 23. Bxc4 Nxc4 24. Qxc4 Qa5+ 25. Kf1 a6 26. Qc6 Qxb5+ 27. Kg1 Bb7 28. Qxb5 axb5 {½-½ (68) Atalik,S (2545)-Rajkovic,M (2359) Belgrade 2017 CBM 182 [Atalik,S]}) 22. Kf1 Qf6 23. Qxf6 Bxf6 24. g3 Bd7 25. Nd2 Rc8 26. Ne4 Nxe4 27. Bxe4 Bd4 (27... b5 $16) 28. Kg2 a6 29. Rhd1 b6 30. Bf3 Kf8 31. Re1 b5 32. d6 (32. Be4 $16) 32... Be6 $14 {[#]} 33. Rxe6 $1 fxe6 {[%mdl 4096] Endgame KRB-KRB} 34. d7 Rd8 35. Bc6 b4 36. Rh1 Ke7 37. Rh7+ Kd6 38. Ba4 g5 39. f3 Rf8 {[#]} 40. Rf7 $1 Rd8 (40... Rg8 41. Kh3) 41. Kf1 Kc7 $2 {[%mdl 8192] [#] Loses the game.} ({Better is} 41... Rg8 $14) 42. Re7 $1 $18 Kd6 43. Re8 Bf6 44. Ke2 Ke5 $2 (44... a5 {might work better.} 45. Ke3 g4) 45. Ke3 Kd6 46. Ke4 Be7 47. g4 Bf6 48. f4 Be7 49. f5 exf5+ 50. gxf5 a5 {White mates.} 51. Kf3 Rxd7 52. Bxd7 Kxd7 53. Ra8 Kd6 54. Ra6+ {Weighted Error Value: White=0.08/Black=0.30} 1-0

[Event "Chinese-ch Women 2020"]
[Site "Xinghua"]
[Date "2020.12.27"]
[Round "8.2"]
[White "Song, Yuxin"]
[Black "Tan, Zhongyi"]
[Result "1/2-1/2"]
[WhiteElo "2290"]
[BlackElo "2510"]
[Annotator "TA"]
[PlyCount "65"]
[EventDate "2020.12.19"]
[EventType "tourn"]
[EventCountry "CHN"]
[SourceTitle "playchess.com"]
[Source "ChessBase"]
[SourceQuality "1"]

{[%evp 21,65,25,21,19,19,21,27,4,39,33,46,16,30,7,76,78,100,96,111,104,122,108,111,93,119,86,92,78,74,122,108,119,145,100,102,121,250,201,218,127,116,0,214,0,118,0]} 1. e4 e5 2. Nf3 Nc6 3. Bb5 a6 4. Ba4 Nf6 5. O-O Be7 6. Re1 b5 7. Bb3 d6 8. c3 O-O 9. h3 Nb8 10. d4 Nbd7 11. Nbd2 {[%cal Bb1d2,Bd2f1,Bf1g3][%mdl 32]} c5 12. Nf1 {C95: Closed Ruy Lopez: Breyer Variation with 10 d4.} Re8 13. Ng3 Bf8 14. Bc2 {White has an edge.} g6 15. d5 {[#]} c4 $146 ({Predecessor:} 15... Bg7 16. Be3 Nb6 17. b3 Bb7 18. Qe2 Rc8 19. a4 c4 20. a5 Nbd7 21. b4 Nf8 {1-0 (46) Jacobs,F (1456)-Roncagliolo,M (1596) FICGS email 2010}) 16. Bg5 Bg7 17. Nd2 Nc5 (17... Qc7 $11) 18. b4 $16 cxb3 19. axb3 h6 {[#]} 20. Be3 Qc7 21. Qe2 Ncd7 22. Bd3 Rb8 23. b4 h5 24. Rec1 h4 25. Ngf1 Nh5 26. c4 {[%cal Rc4b5]} bxc4 27. Bxc4 Nf4 28. Qf3 Qb7 (28... Rxb4 $16 {is a better defense.} 29. Bxa6 {[%mdl 64] Discovered Attack} Nc5) 29. Bxa6 Qxb4 30. Rcb1 ({Better is} 30. Be2 $18) 30... Qc3 {[#] ...Rxb1 is the strong threat.} 31. Rc1 (31. Bxc8 $16 Rbxc8 32. Ra6) 31... Qb4 $1 $18 32. Rcb1 (32. Bc4 $18) 32... Qc3 $16 {Threatens to win with ...Rxb1.} 33. Rc1 {Weighted Error Value: White=0.31/Black=0.19} ({White should play} 33. Bxc8 $16 Rbxc8 34. Ra6) 1/2-1/2

[Event "Chinese-ch Women 2020"]
[Site "Xinghua"]
[Date "2020.12.27"]
[Round "8.3"]
[White "Ni, Shiqun"]
[Black "Gu, Xiaobing"]
[Result "1-0"]
[WhiteElo "2389"]
[BlackElo "2263"]
[Annotator "TA"]
[PlyCount "79"]
[EventDate "2020.12.19"]
[EventType "tourn"]
[EventCountry "CHN"]
[SourceTitle "playchess.com"]
[Source "ChessBase"]
[SourceQuality "1"]

{[%evp 10,79,43,27,25,34,70,17,80,81,81,78,76,67,121,118,126,121,134,133,143,83,87,68,73,81,68,37,29,29,46,47,53,20,58,11,41,38,41,34,56,31,42,0,42,15,28,35,22,0,0,0,0,0,0,0,21,-29,122,148,369,398,488,470,485,479,478,418,29961,6295,6391,6391]} 1. e4 c5 2. Nf3 d6 3. Bb5+ Nc6 4. O-O Bd7 5. Re1 Nf6 6. h3 Ne5 {B51: Sicilian: Moscow Variation (3 Bb5+) without 3...Bd7.} 7. Bxd7+ Qxd7 8. b3 {[#]} (8. Nxe5 $14 dxe5 9. d3) 8... O-O-O $146 (8... Nxf3+ $11 {remains equal.} 9. Qxf3 g6) ({Predecessor:} 8... e6 9. Bb2 Qc7 10. d3 Be7 11. Nxe5 dxe5 12. Nd2 O-O 13. Nc4 Nd7 14. a4 g6 {0-1 (41) Kalvaitis,S (2245)-Erdogdu,M (2440) Kemer 2007}) 9. Nxe5 $16 dxe5 10. Bb2 Qc7 11. d3 Rg8 (11... Ne8 $14) 12. Qf3 e6 13. Na3 Bd6 14. Nb5 Qb6 15. Nxd6+ (15. a4 $142) 15... Qxd6 16. a3 Nd7 17. b4 (17. Qxf7 $2 Nf6 $19) 17... f6 18. bxc5 Nxc5 19. a4 {[%cal Ba3a4,Ba4a5][%mdl 32]} Kb8 20. Reb1 Rc8 21. Ba3 Qd4 22. Bb4 Rgd8 23. Ra2 {[%cal Ba1a2,Ba2b2,Bb2b4][%mdl 32]} Rc6 24. a5 Rdc8 25. Bd2 R8c7 26. Rab2 Qd8 {Threatening ...Na4.} 27. Be3 Na4 28. Rb4 Nc3 29. R1b2 Rd7 30. Qh5 g6 31. Qf3 Rf7 32. d4 f5 33. dxe5 {aiming for exf5.} (33. exf5 $5 {[%cal Rf3c6]} e4 34. Qf4+ Ka8 35. Qg5 Qxg5 36. Bxg5 gxf5 37. Bd2 $15) 33... f4 (33... Qd1+ $11 34. Qxd1 Nxd1) 34. Bd4 {[%mdl 64] Discovered Attack} Nb5 {[#] A mistake that costs the game.} (34... Qc8 $16 35. R4b3 (35. a6 b6 $14) 35... Na4) 35. Qb3 $1 $18 a6 {[#]} ({Avoid the trap} 35... Nxd4 $2 36. Rxb7+ Kc8 37. Rb8+ Kd7 38. Qa4 $18) (35... Rcc7 36. Rxb5) 36. c4 $1 {[%cal Rc4b5]} Qxd4 37. cxb5 {[%mdl 64] Discovered Attack} Rc1+ 38. Kh2 Qxe5 (38... Qd1 $18 39. Qxd1 Rxd1 40. bxa6 Rdd7) 39. bxa6 {[%cal Rb4b7]} f3+ 40. g3 {Weighted Error Value: White=0.13/Black=0.46} 1-0

[Event "Chinese-ch Women 2020"]
[Site "Xinghua"]
[Date "2020.12.27"]
[Round "8.4"]
[White "Zhai, Mo"]
[Black "Ning, Kaiyu"]
[Result "1-0"]
[WhiteElo "2366"]
[BlackElo "2327"]
[Annotator "TA"]
[PlyCount "87"]
[EventDate "2020.12.19"]
[EventType "tourn"]
[EventCountry "CHN"]
[SourceTitle "playchess.com"]
[Source "ChessBase"]
[SourceQuality "1"]

{[%evp 10,87,0,0,14,7,43,30,45,22,78,81,135,140,133,125,138,125,120,121,276,258,265,262,379,372,375,343,377,342,344,331,297,255,363,375,400,410,440,407,395,391,445,437,410,418,413,210,326,9,475,475,633,624,619,631,623,622,600,591,550,552,530,500,487,471,1135,1095,1023,975,1489,1245,1208,970,12840,12840,12840,12840,12844,12844]} 1. Nf3 d5 2. g3 g6 3. Bg2 Bg7 4. O-O e5 5. d3 Ne7 6. c4 dxc4 {A07: Réti Opening: New York and Capablanca Systems.} 7. dxc4 Qxd1 8. Rxd1 c6 {White has an edge.} 9. Nc3 f5 (9... O-O $11) 10. e4 $16 {[#]} fxe4 $146 ({Better is} 10... Na6) ({Predecessor:} 10... Be6 11. b3 h6 12. Bb2 Nd7 13. Rd6 Kf7 14. Rad1 Nc5 15. Nh4 f4 16. b4 Na6 {0-1 (59) Zikan,K (1704)-Gumularz,S (2233) Brno 2015}) 11. Nxe4 O-O 12. b3 $36 {[%mdl 2048] White has strong initiative.} Bf5 13. Nh4 Bxe4 14. Bxe4 Nf5 $2 (14... a5 $16 15. Ba3 Re8) 15. Bxf5 $18 gxf5 16. Ba3 Na6 (16... Re8 $142 17. Nxf5 Bf8) 17. Bxf8 Rxf8 18. b4 Nxb4 19. Rd7 b6 20. Rb1 (20. Rxa7 Nd3 $18) 20... c5 21. Rbd1 f4 (21... e4 {was necessary.} 22. Rd8 (22. Rxa7 Bd4 $16) 22... Nd3 23. Rxf8+ Bxf8 24. Nxf5 Ne5) 22. Rxa7 fxg3 23. hxg3 e4 {and the idea ...Bd4 leaves Black hopeful.} 24. g4 {Black must now prevent Rdd7.} Nc6 25. Rb7 Rf4 26. Nf5 Bd4 27. Rxb6 Ne5 28. Rb8+ ({Weaker is} 28. Nxd4 cxd4 29. c5 (29. Rb8+ Kf7 $16) 29... Kf7 $18) 28... Kf7 29. Rdb1 $2 ({Less strong is} 29. Nxd4 cxd4 30. Rb7+ Ke6 $16) (29. a4 $18) 29... Rxg4+ $2 {[%mdl 8192]} (29... Bxf2+ $11 30. Kf1 Bd4+ 31. Ke2 Rf2+ 32. Kd1 e3 33. R1b7+ Kf6) 30. Kf1 {White is clearly winning.} Rf4 31. R1b7+ Ke6 32. Ng7+ Kd6 33. Ne8+ {[%mdl 64] [#] Discovered Attack} Ke6 34. Nc7+ Kf5 35. Rf8+ Kg4 36. Rxf4+ Kxf4 {[%mdl 4096] Endgame KRN-KBN} 37. Ne6+ {[%mdl 64] [#] Discovered Attack} Kf5 (37... Kg4 $142 38. a4 Nxc4 39. Rxh7 Bc3 40. Nxc5 e3 41. fxe3 Kf3 42. Rh3+ Kg4) 38. Nxd4+ cxd4 {KR-KN} 39. c5 h5 40. a4 Nc6 41. Rc7 Na5 42. c6 Ke6 43. Rc8 Nc4 44. Rd8 {White took control after the opening.  Weighted Error Value: White=0.32/Black=0.63} 1-0

[Event "Chinese-ch Women 2020"]
[Site "Xinghua"]
[Date "2020.12.27"]
[Round "8.5"]
[White "Yuan, Ye"]
[Black "Li, Xueyi"]
[Result "1/2-1/2"]
[WhiteElo "2081"]
[BlackElo "2328"]
[Annotator "TA"]
[PlyCount "85"]
[EventDate "2020.12.19"]
[EventType "tourn"]
[EventCountry "CHN"]
[SourceTitle "playchess.com"]
[Source "ChessBase"]
[SourceQuality "1"]

{[%evp 17,85,9,29,28,30,15,22,18,25,19,15,14,14,12,52,47,47,39,75,69,183,179,188,179,191,184,193,179,191,183,176,90,106,85,85,85,81,96,88,82,86,82,92,81,81,78,87,83,81,92,100,68,68,68,68,68,68,68,83,93,146,68,68,65,66,8,8,8,66,0]} 1. d4 d5 2. Bf4 Nf6 3. e3 c5 4. dxc5 Nc6 5. Nf3 e6 6. Be2 Bxc5 7. O-O O-O 8. c4 h6 9. Nc3 a6 10. cxd5 {D55: Queen's Gambit Declined: 4 Bg5 Be7: Lines without ...h6 and 6...h6 7 Bxf6.} exd5 11. Rc1 Be6 {[#]} 12. Na4 $146 {The position is equal.} ({Predecessor:} 12. Ne5 Ne7 13. Na4 Ba7 14. Nf3 Rc8 15. Rxc8 Qxc8 16. Be5 Ne4 17. Bd4 Bxd4 18. Nxd4 {1-0 (45) Bergsson,S (2285)-Einarsson,H (2320) Gardabaer 1991}) 12... Ba7 13. Ne5 d4 14. Nxc6 bxc6 15. exd4 ({Avoid the trap} 15. Bxa6 $2 dxe3 16. Qxd8 (16. fxe3 $2 Qxd1 17. Rcxd1 Nd5 $19) 16... exf2+ 17. Kh1 Rfxd8 $19) 15... Qxd4 16. Qxd4 Bxd4 17. Bf3 (17. Rfd1 $5 {[%cal Rd1d4]} Rfd8 18. b3 $11 (18. Rxc6 Bxa2 19. Rd6 Rxd6 $11)) 17... Bxa2 18. Bxc6 Rac8 {[#]} (18... Ra7 $1 $14) 19. Bd6 $1 $18 Rfd8 20. Be7 Ng4 {Hoping for ...Nxf2!} 21. Bxd8 Rxd8 22. Bb7 Rd6 23. h3 Ne5 24. Kh2 (24. Rc8+ $18 Kh7 25. Re1) 24... g5 25. Be4 Bc4 26. Rfd1 Bb3 27. Bc2 Ng4+ 28. hxg4 Bxc2 29. Rxc2 Be5+ {[%mdl 64] Discovered Attack} 30. f4 $1 Bxf4+ 31. g3 Bxg3+ 32. Kxg3 Rxd1 $16 {[%mdl 4096] Endgame KRN-KR} 33. Nc5 a5 34. b3 Rd5 35. Kf3 {And now Ke4 would win.} f5 36. gxf5 Rxf5+ 37. Ke4 Rf1 38. Ra2 g4 {[#]} (38... Kf7 $142) 39. Rxa5 (39. Rg2 $1 $16) 39... g3 $14 {White must now prevent ...g2.} 40. Ra2 {Threatens to win with Rg2.} h5 41. Ke3 (41. Rg2 $14 h4 42. Ne6) 41... h4 $11 42. Ne4 Rb1 ({Better is} 42... Kf7 $11) 43. Nxg3 {Blacks defense is rewarded with a draw.  Weighted Error Value: White=0.12/Black=0.14} 1/2-1/2

[Event "Chinese-ch Women 2020"]
[Site "Xinghua"]
[Date "2020.12.27"]
[Round "8.6"]
[White "Yan, Tianqi"]
[Black "Hu, Yu A."]
[Result "1-0"]
[WhiteElo "2207"]
[BlackElo "2094"]
[Annotator "TA"]
[PlyCount "103"]
[EventDate "2020.12.19"]
[EventType "tourn"]
[EventCountry "CHN"]
[SourceTitle "playchess.com"]
[Source "ChessBase"]
[SourceQuality "1"]

{[%evp 24,103,52,51,52,52,53,59,52,52,52,54,54,31,68,70,59,51,53,53,72,0,0,0,53,0,43,36,80,78,85,85,85,84,84,83,82,81,82,54,83,77,84,86,79,0,0,0,0,0,70,63,157,135,166,160,156,164,168,185,192,185,166,144,302,292,382,323,12836,12837,12837,12837,12838,12838,12838,12834,12838,12834,29980,29981,29987,29988]} 1. e4 c5 2. Nf3 Nc6 3. d4 cxd4 4. Nxd4 Nf6 5. Nc3 e6 6. g3 a6 7. Bg2 Qc7 8. O-O Nxd4 9. Qxd4 Bc5 10. Bf4 d6 11. Qd2 h6 12. Rad1 e5 13. Be3 Be6 {B47: Sicilian: Taimanov: 5 Nc3 Qc7 6 f4, 6 g3 and 6 Be2.} 14. Bxc5 dxc5 15. Nd5 Bxd5 {White is slightly better.} 16. exd5 Qd6 17. c4 O-O 18. Rfe1 Rfe8 19. Re2 {[#]} b5 $146 ({Predecessor:} 19... Re7 20. a3 a5 21. Rde1 b6 22. f4 Rae8 23. fxe5 Rxe5 24. Rxe5 Rxe5 25. Rxe5 Qxe5 {1-0 (58) Shyam,S (2530)-Kreisl,R (2439) Zalakaros 2016}) 20. Qd3 Rab8 21. b3 bxc4 22. Qxc4 (22. bxc4 $16 g6 23. Qd2) 22... Rb4 $11 23. Qc2 Rd8 ({Black should play} 23... Rd4 $11) 24. Rc1 ({Better is} 24. Rde1 $14) 24... Rc8 25. Rce1 Nd7 {[#]} 26. Bh3 $1 Rd4 27. Bxd7 Qxd7 28. Rxe5 Rxd5 29. Qc4 Rxe5 30. Rxe5 $16 {[%mdl 4096] Endgame KQR-KQR} Qd6 31. Rf5 Rc7 32. Rd5 Qe7 33. Qxa6 c4 {White must now prevent ...Qe1+.} 34. bxc4 (34. Rd1 $16) 34... Qe1+ $11 35. Kg2 {Threatens to win with Rd4.} Qe4+ {[%mdl 64] Double Attack} 36. Kh3 Rxc4 {[#]} (36... Qh1 $11 37. Rd8+ Kh7) 37. Re5 $1 $36 {[%cal Re5e4][%mdl 2048] White has the initiative.} Qg4+ ({Black should try} 37... Qd4 $14) 38. Kg2 $16 Rc2 39. Qd3 {[%cal Re5e8]} Rc8 40. Rd5 Qe6 41. Rd8+ Rxd8 42. Qxd8+ $18 {KQ-KQ} Kh7 43. Qa8 f5 $2 {Loses the game.} (43... h5 $16 {was called for.}) 44. a4 {[%cal Ba2a4,Ba4a5,Ba5a6,Ba6a7][%mdl 32] a5 is the strong threat.} Qc4 45. a5 {Strongly threatening a6.} f4 $2 (45... h5 46. h3 f4 47. gxf4 Qxf4) 46. a6 f3+ 47. Kxf3 Qf1 48. Qe4+ Kh8 49. Qe8+ Kh7 50. a7 Qd3+ 51. Qe3 Qf5+ 52. Kg2 {Weighted Error Value: White=0.09/Black=0.39} 1-0

[Event "Chinese-ch Women 2020"]
[Site "Xinghua"]
[Date "2020.12.28"]
[Round "9.1"]
[White "Hu, Yu A."]
[Black "Guo, Qi"]
[Result "0-1"]
[WhiteElo "2094"]
[BlackElo "2418"]
[Annotator "TA"]
[PlyCount "70"]
[EventDate "2020.12.19"]
[EventType "tourn"]
[EventCountry "CHN"]
[SourceTitle "playchess.com"]
[Source "ChessBase"]
[SourceQuality "1"]

{[%evp 9,70,7,23,0,0,-6,-10,-14,14,0,0,0,0,-4,-7,-12,0,-8,-21,-24,-16,-7,-7,-39,-25,-32,-25,-67,-31,-22,-18,-25,-29,-26,-43,-35,-31,-79,-81,-102,-43,-41,-33,-30,-34,-63,-29,-34,-22,-21,-25,-56,-7,-17,-10,-14,-6,-10,0,-71,-52,-137,-136]} 1. e4 e6 2. d4 d5 3. Nd2 Be7 4. Ngf3 Nf6 5. Bd3 c5 6. c3 {C03: French Tarrasch: Unusual Black 3rd moves.} cxd4 7. cxd4 dxe4 8. Nxe4 {The position is equal.} Nbd7 9. Nc3 O-O 10. O-O b6 {[%cal Bb7b6,Bb6b5][%mdl 32]} 11. Ne5 Bb7 12. Qe2 {[#]} a6 $146 ({Predecessor:} 12... Nd5 13. Bd2 N7f6 14. Rad1 Rc8 15. Rfe1 Bb4 16. Ne4 Bxd2 17. Qxd2 Rc7 18. Ng5 h6 {0-1 (49) Salles,L (2129)-De Oliveira,I (1877) Joinville 2014}) 13. Bg5 b5 14. Rfd1 Nd5 15. Bxe7 Qxe7 16. Qh5 {[%csl Gd3][%cal Rh5h7] [#]} f5 {aiming for ...Nf4.} 17. Nxd5 Bxd5 18. Be2 Rac8 {Strongly threatening ...Nxe5.} 19. Bf3 Nf6 20. Qg5 Rc2 21. Bxd5 Nxd5 22. Qxe7 Nxe7 23. Nd7 Rd8 24. Nc5 Rd6 (24... e5 $17 25. Rdc1 Rxb2) 25. b4 $15 Nd5 26. a3 Nc3 27. Rd3 Rxd4 {[%mdl 64] [#] Decoy} 28. Rxd4 Ne2+ {[%mdl 64] Double Attack} 29. Kf1 Nxd4 30. Nxa6 $11 {[%mdl 4096] Endgame KRN-KRN} e5 31. Nc5 Kf7 32. Re1 $1 e4 33. Rd1 Ne6 34. Rd7+ (34. Nxe6 $11 Kxe6 35. Rd8) 34... Ke8 $17 {White must now prevent ...Rxc5.} 35. Rd5 Rc1+ {Weighted Error Value: White=0.15/Black=0.10} 0-1